| 000 | 00635nam a2200265Ia 4500 | ||
|---|---|---|---|
| 008 | 181129s9999 xx 000 0 und d | ||
| 020 | _a9780689855917 | ||
| 050 | _bK814 2003 bk1 | ||
| 100 | _aKoller, Jackie French | ||
| 245 | 2 | _aA wizard named Nell / | |
| 245 | 0 | _cby Kachie French Koller. | |
| 260 | _aNew York, NY : | ||
| 260 | _bAladdin Paperbacks, | ||
| 260 | _c2003 | ||
| 300 | _a180 pages : | ||
| 300 | _billustrations ; | ||
| 300 | _c19cm. | ||
| 440 | _aThe keepers, | ||
| 440 | _v1 | ||
| 650 | _aFantasy fiction. | ||
| 650 | _aFantasy. | ||
| 650 | _aWizards. | ||
| 700 | _aSeries. | ||
| 700 | _aTitle. | ||
| 999 |
_c359503 _d359503 |
||